000 00795nam a2200241 a 4500
001 BRCA_355
005 20190320202955.0
008 900322s1990 nyuaf b 001 0 eng
020 _a0834802317
040 _aDLC
_cDLC
_dDLC
050 4 _aNA1550
_b.C63 1990
100 1 _aCoaldrake, William Howard.
_91182
245 1 0 _aThe Way of the Carpenter
_bTools and Japanese Architecture
_cby William H. Coaldrake.
260 _aNueva York
_bWeatherhill
_c1990.
300 _aVIII, 204 p., [8] p. de láminas
_bil. (algunas a color)
_c26 cm.
500 _aIncluye glosario
500 _aDonación Fundación Japón
504 _aBibliografía: p. 181-191
650 1 4 _aCarpintería
_xHerraminetas
_zJapón
_91183
650 1 4 _aArquitectura
_xHerraminetas
_zJapón
_91184
902 _aDFJ
942 _2lcc
_cB
999 _c292
_d292